000 00498nam a2200169 i 4500
001 140087
003 ES-MaACL
005 20230906200012.0
007 t|
008 070214s1908 gw a |||| | ger d
100 1 _aSchubert, Otto.
_9104732
245 1 0 _aGeschichte der Barock in Spanien /
_cOtto Schubert.
260 _aEsslingen (Alemania) :
_bGreiner J. Pfeiffer,
_c1908.
300 _aXIV, 424 p. :
_bil. ;
_c26 cm.
650 0 4 _aArte barroco-
_zEspaƱa.
_910165
852 _aES-MaACL
_jF-768
999 _c140087
_d140087